Corpus Analysis as a Method for Effective Acquirement of New Language Varieties
Výhody metód korpusovej lingvistiky poskytujúce nové prístupy na analýzu lexiky vo výučbe angličtiny pre špecifické účely. Spojenie ovládania produktívnych a vnímavých schopností u študentov s úrovňou ovládania ich slovnej zásoby. Vplyv informačných technológií na výber foriem a metód moderného vyso...
Gespeichert in:
| 1. Verfasser: | |
|---|---|
| Format: | Buchkapitel |
| Sprache: | Englisch |
| Schlagworte: | |
| Tags: |
Keine Tags, Fügen Sie das erste Tag hinzu!
|
MARC
| LEADER | 00000naa$a2200000$$$4500 | ||
|---|---|---|---|
| 001 | 0277171 | ||
| 005 | 20240827080745.3 | ||
| 041 | 0 | |a eng | |
| 044 | |a SK | ||
| 245 | 1 | 0 | |a Corpus Analysis as a Method for Effective Acquirement of New Language Varieties |c Ivana Kapráliková |
| 520 | |a Výhody metód korpusovej lingvistiky poskytujúce nové prístupy na analýzu lexiky vo výučbe angličtiny pre špecifické účely. Spojenie ovládania produktívnych a vnímavých schopností u študentov s úrovňou ovládania ich slovnej zásoby. Vplyv informačných technológií na výber foriem a metód moderného vysokoškolského vzdelávania v posledných rokoch, meniac organizáciu vyučovacieho procesu a prístup učiteľov a študentov k výučbe. Prehlbovanie záujmu o štúdium jazykov pomocou elektronických jazykových korpusov zavedením informačných technológií do procesu vzdelávania a ich používaním na rozvoj jazykových schopností (počúvanie, písanie) s osvojovaním štandardnej a aj novej (neštandardnej) slovnej zásoby. | ||
| 610 | 2 | 0 | |a jazykoveda |
| 610 | 2 | 0 | |a lexikológia |
| 610 | 2 | 0 | |a didaktika |
| 610 | 2 | 0 | |a jazyky cudzie |
| 610 | 2 | 0 | |a jazyk obchodný |
| 610 | 2 | 0 | |a angličtina |
| 610 | 2 | 0 | |a zásoba slovná |
| 610 | 2 | 0 | |a technológie informačné |
| 610 | 2 | 0 | |a vzdelávanie vysokoškolské |
| 100 | 1 | |a Kapráliková, Ivana, 1974- | |